Antología laudatoria de un mecenas español (Record no. 88336)

MARC details
000 -LEADER
campo de control de longitud fija 00769nam a2200205 i 4500
001 - NÚMERO DE CONTROL
campo de control 88336
003 - IDENTIFICADOR DE NÚMERO DE CONTROL
campo de control ES-MaACL
005 - FECHA Y HORA DE LA ÚLTIMA TRANSACCIÓN
campo de control 20230906175836.0
007 - CAMPO FIJO DE DESCRIPCIÓN FÍSICA--INFORMACIÓN GENERAL
campo de control de longitud fija t|
008 - DATOS DE LONGITUD FIJA--INFORMACIÓN GENERAL
campo de control de longitud fija 050104s1945 sp ||||1| spa d
100 1# - ENTRADA PRINCIPAL--NOMBRE DE PERSONA
Nombre de persona Láinez Alcalá, Rafael,
Fechas asociadas al nombre 1899-1982
9 (RLIN) 69691
245 10 - MENCIÓN DEL TÍTULO
Título Antología laudatoria de un mecenas español
Resto del título : discurso inaugural del año académico 1945-1946 /
Mención de responsabilidad, etc. por Rafael Lainez Alcalá.
260 ## - PUBLICACIÓN, DISTRIBUCIÓN, ETC.
Lugar de publicación, distribución, etc. Santa Cruz de Tenerife :
Nombre del editor, distribuidor, etc. [s.n.,
Fecha de publicación, distribución, etc. 1945] (
Fabricante Imp. Católica)
300 ## - DESCRIPCIÓN FÍSICA
Extensión 64 p., 1 lám. ;
Dimensiones 22 cm.
500 ## - NOTA GENERAL
Nota general Precede al tít.: Universidad de La Laguna.
600 14 - PUNTO DE ACCESO ADICIONAL DE MATERIA--NOMBRE DE PERSONA
Nombre de persona Sandoval y Rojas, Bernardo de
Títulos y otros términos asociados al nombre Cardenal.
9 (RLIN) 163877
710 2# - ENTRADA AGREGADA--NOMBRE DE ENTIDAD CORPORATIVA
Nombre de entidad corporativa o nombre de jurisdicción como elemento de entrada Universidad de La Laguna.
9 (RLIN) 7194
852 ## - LOCALIZACIÓN
Ubicación ES-MaACL
Número de control de estantería 1853-F-6
Sublocalización o colección R.21705
Holdings
Estatus retirado Estado de pérdida Estado de daño No para préstamo Colección Biblioteca de origen Biblioteca actual Ubicación en estantería Fecha de adquisición Fuente de adquisición Total de préstamos Signatura topográfica completa Código de barras Visto por última vez Precio de reemplazo Tipo de ítem Koha
        Colección de folletos Biblioteca del Ateneo de Madrid Biblioteca del Ateneo de Madrid Depósito folletos 17/01/2008     1853-F-6 1092276 23/02/2023 23/02/2023 Folleto